000 02965cgm a2200613Ia 4500
003 data
005 20260322212005.0
007 data
008 data
020 _a0767891236
020 _a9780767891233
024 1 0 _a043396087712
028 4 2 _a08771
_bAmblin Entertainment
040 _aOWL
_cOWL
_dOUN
_dOCLCQ
_dOUN
041 1 _aengfre
_heng
_bcanmanspa
_heng
_geng
099 _aDVD 710
245 1 0 _aMen in black
_h[videorecording] /
_cBarry Sonnenfeld ... [et al.].
246 1 0 _aMIB
_h[videorecording]
250 _aDeluxe ed.
260 _aCulver City, Calif. :
_bColumbia TriStar Home Video,
_c[2002]
300 _a2 videodiscs (98 min.) :
_bsd., col. ;
_c4 3/4 in. +
_e1 booklet ([12] p. : ill. ; 18 cm.)
500 _aBased on the Marvel comic by Lowell Cunningham.
500 _aOriginally produced as motion picture in 1997.
500 _aSpecial features: Disc 1, digitally mastered audio and anamorphic voice ; widescreen and full screen presentations ; visual and audio commentary ; subtitles in English, French, Spanish, Cantonese, Mandarin ; Disc 2, MIM II teaser trailer ; secret files - sneak peek at MIB II ; extended and alternate scenes ; music video by Will Smith and Mikey ; storyboard comparisons; theatrical trailers ; MEN IN BLACK documentary ; animated menues ; production notes ; scene editing workshop ; conceptual art gallery ; DVD ROM and web links.
508 _aDirector of photography, Don Peterman ; film editor, Jim Miller ; music, Danny Elfman.
511 1 _aTommy Lee Jones, Will Smith, Linda Fiorentino, Vincent D'Onofrio, Rip Torn, Tony Shalhoub.
520 _aNew York City is being threatened by a villainous bug who has inhabited the body of a farmer. The mission is to locate and exterminate the bug before it destroys the planet.
521 8 _aRated PG-13.
538 _aDVD; 2-channel Dolby surround or Dolby digital 5.1 (English), Dolby surround (French)
546 _aIn English with optional French soundtrack; optional subtitles in English, French, Spanish, Cantonese, or Mandarin; closed-captioned in English for the hearing impaired.
546 _aClosed captioned.
650 0 _aMen in black (UFO phenomenon)
650 0 _aLife on other planets
_vDrama.
650 0 _aScience fiction films.
650 0 _aFeature films.
650 0 _aVideo recordings for the hearing impaired.
650 0 _aExtraterrestrial beings
_vDrama.
650 0 _aDocumentary films.
700 1 _aSonnenfeld, Barry.
700 1 _aParkes, Walter F.
700 1 _aMcDonald, Laurie.
700 1 _aSolomon, Ed.
700 1 _aJones, Tommy Lee,
_d1946-
700 1 _aSmith, Will,
_d1968-
700 1 _aFiorentino, Linda.
700 1 _aD'Onofrio, Vincent.
700 1 _aTorn, Rip,
_d1931-
700 1 _aShalhoub, Tony,
_d1953-
700 1 _aCunningham, Lowell.
710 2 _aColumbia Pictures.
710 2 _aAmblin Entertainment (Firm)
710 2 _aColumbia TriStar Home Video (Firm)
001 data
999 _c69
_d69